MUSLIM LAW CASES AND MATERIALS (Record no. 9788)
[ view plain ]
| 000 -LEADER | |
|---|---|
| fixed length control field | 00304nam a22001457a 4500 |
| 003 - CONTROL NUMBER IDENTIFIER | |
| control field | SGT |
| 082 ## - DEWEY DECIMAL CLASSIFICATION NUMBER | |
| Classification number | 340.59,KOH |
| 100 ## - MAIN ENTRY--PERSONAL NAME | |
| Personal name | KOHLI,H.D |
| 245 ## - TITLE STATEMENT | |
| Title | MUSLIM LAW CASES AND MATERIALS |
| 250 ## - EDITION STATEMENT | |
| Edition statement | 1ST |
| 260 ## - PUBLICATION, DISTRIBUTION, ETC. (IMPRINT) | |
| Place of publication, distribution, etc | NEW DELHI |
| Name of publisher, distributor, etc | UNIVERSAL |
| Year of Publication | 2012 |
| 300 ## - PAGE DESCRIPTION | |
| No. of Pages | 647 |
| 653 ## - KEYWORDS--INDEX TERM | |
| Keyword term | MUSLIM LAW |
| 942 ## - ADDED ENTRY ELEMENTS (KOHA) | |
| Source of classification or shelving scheme | Dewey Decimal Classification |
| Koha item type | Books |
| Withdrawn status | Lost status | Source of classification or shelving scheme | Damaged status | Not for loan | Collection code | Home library | Current library | Shelving location | Date acquired | Vendor Name | Cost, normal purchase price | SGTU | Bill Number | Full call number | Accession No. (Barcode) | Date last seen | Bill Date | Koha item type |
|---|---|---|---|---|---|---|---|---|---|---|---|---|---|---|---|---|---|---|
| Dewey Decimal Classification | Not For Loan | LAW | SGT Science & Social Sciences Library | SGT Science & Social Sciences Library | Reference Book | 09/08/2016 | JUPITER LAW HOUSE | 895.00 | SGTU | 856 | 340.59,KOH | FL444 | 09/08/2016 | 31/10/2014 | Books |